000 00340 a2200121 4500
001 ART_5759
005 20260410161617.0
008 260409a
245 1 0 _aEntidades de medicina prepaga
100 1 _aIacomucci, Norma H.
700 1 _aGonzález Escudero, Alejandro
773 0 _tEnfoques
_g- Nº 3 (mar. 2007)
_wREV416
999 _c11225
_d11225